| 000 -LEADER |
| fixed length control field |
00418nam a2200145 4500 |
| 008 - FIXED-LENGTH DATA ELEMENTS--GENERAL INFORMATION |
| fixed length control field |
191218b ||||| |||| 00| 0 eng d |
| 082 00 - DEWEY DECIMAL CLASSIFICATION NUMBER |
| Classification number |
621.436 |
| Item number |
W9471 |
| 100 ## - MAIN ENTRY--PERSONAL NAME |
| 9 (RLIN) |
305 |
| Personal name |
Wright, E. |
| 245 10 - TITLE STATEMENT |
| Title |
Diesel Engines Fuels and Lubricants |
| 260 ## - PUBLICATION, DISTRIBUTION, ETC. (IMPRINT) |
| Place of publication, distribution, etc |
London |
| Name of publisher, distributor, etc |
Constable and Company |
| Date of publication, distribution, etc |
1950 |
| 300 ## - PHYSICAL DESCRIPTION |
| Extent |
viii, 152 p. |
| 650 #0 - SUBJECT ADDED ENTRY--TOPICAL TERM |
| Topical term or geographic name as entry element |
Lubrication and lubricants |
| 700 ## - ADDED ENTRY--PERSONAL NAME |
| 9 (RLIN) |
183 |
| Personal name |
Purday, H. F. P. |
| 942 ## - ADDED ENTRY ELEMENTS (KOHA) |
| Source of classification or shelving scheme |
|
| Item type |
Books |